<?xml version="1.0" encoding="UTF-8"?>
<collection xmlns="http://www.loc.gov/MARC21/slim">
  <record>
    <leader>00000nam  2200000   4500</leader>
    <controlfield tag="001">INLIS000000000020222</controlfield>
    <controlfield tag="005">20250527103335</controlfield>
    <datafield tag="035" ind1="#" ind2="#">
      <subfield code="a">0010-0525000305</subfield>
    </datafield>
    <controlfield tag="007">ta</controlfield>
    <controlfield tag="008">250527################|##########|#|##</controlfield>
    <datafield tag="084" ind1="#" ind2="#">
      <subfield code="a">R 0130 PKN II 2024</subfield>
    </datafield>
    <datafield tag="100" ind1=" " ind2="#">
      <subfield code="a">Evi Hayati</subfield>
    </datafield>
    <datafield tag="245" ind1="1" ind2="#">
      <subfield code="a">Implementasi Manajemen Talenta SEbagai Strategi Pengembangan Karir Tenaga Kependidikan Unibraw /</subfield>
      <subfield code="c">Evi Hayati</subfield>
    </datafield>
    <datafield tag="250" ind1="#" ind2="#">
      <subfield code="a">1</subfield>
    </datafield>
    <datafield tag="260" ind1="#" ind2="#">
      <subfield code="a">Jakarta :</subfield>
      <subfield code="b">Pusbangkom Pimnas,</subfield>
      <subfield code="c">2024</subfield>
    </datafield>
    <datafield tag="300" ind1="#" ind2="#">
      <subfield code="a">80 :</subfield>
      <subfield code="b">ilus ;</subfield>
      <subfield code="c">29 x 21 x 1</subfield>
    </datafield>
    <datafield tag="650" ind1="#" ind2="4">
      <subfield code="a">Manajemen Talenta</subfield>
    </datafield>
    <datafield tag="520" ind1="#" ind2="#">
      <subfield code="a">Proyek perubahan dilaksanakan dalam tiga tahap: jangka pendek (2&#13;
bulan), jangka menengah (6 bulan), dan jangka panjang (1,5 tahun).&#13;
Implementasi jangka pendek meliputi pembentukan tim efektif, penyusunan&#13;
variabel penilaian, inventarisasi tenaga kependidikan, pelaksanaan asesmen,&#13;
dan implementasi pengembangan karir. Asesmen dilakukan terhadap 152&#13;
tenaga kependidikan menggunakan metode asesmen center sederhana&#13;
dengan simulasi problem analysis dan Leaderless Group Discussion (LGD).&#13;
Hasil asesmen menunjukkan distribusi tenaga kependidikan dalam nine&#13;
box manajemen talenta, dengan mayoritas berada pada box 5 dan 8.&#13;
Implementasi pengembangan karir dilakukan melalui proyeksi menduduki&#13;
jabatan tugas tambahan pada jabatan kritikal, penghargaan, dan&#13;
pengembangan kompetensi sesuai hasil asesmen. Proyek perubahan ini&#13;
melibatkan berbagai stakeholder dan menggunakan strategi komunikasi yang&#13;
beragam untuk mendapatkan dukungan.&#13;
Faktor kunci keberhasilan proyek perubahan meliputi komitmen&#13;
pimpinan dan dukungan kebijakan strategis, kerjasama, koordinasi, dan&#13;
disiplin tim efektif, serta sosialisasi manfaat manajemen talenta. Proyek&#13;
perubahan ini diharapkan dapat meningkatkan kualitas sumber daya manusia&#13;
UB, memberikan kejelasan pengembangan karir bagi tenaga kependidikan,&#13;
dan mendukung pencapaian tujuan organisasi dalam menghadapi tantangan&#13;
pendidikan tinggi di era global.</subfield>
    </datafield>
    <datafield tag="856" ind1="#" ind2="#">
      <subfield code="a">Perpustakaan Pusat LAN</subfield>
    </datafield>
    <datafield tag="990" ind1="#" ind2="#">
      <subfield code="a">2024/1.2,2/A/0130</subfield>
    </datafield>
  </record>
</collection>
